| 000 | 00768nam a22001937a 4500 | ||
|---|---|---|---|
| 999 |
_c12924 _d12924 |
||
| 003 | AR-CdUCM | ||
| 008 | 190410b ||||| |||| 00| 0 spa d | ||
| 040 |
_aMUNICIPALIDAD PROVINCIAL DEL CUSCO _cBIBLIOTECA MUNICIPAL DEL CUSCO |
||
| 082 |
_23ed. _a869.009 / _bS21 |
||
| 100 |
_aSánchez, Luis Alberto _9401 |
||
| 245 | _aNueva historia de la literatura americana / | ||
| 260 |
_aLima : _bINPROPESA, _c1987. |
||
| 300 |
_a615 páginas ; _c20.5 cm. |
||
| 505 | _aContenido: La literatura aborigen -- Descubridores, conquistadores y crónicas -- Aires de epopeya -- Literatura conventual y jurídica -- La expresión barroca ... | ||
| 650 |
_aLiteratura latinoamericana _91143 |
||
| 650 |
_aHistoria y crítica _95993 |
||
| 942 |
_2ddc _cLIBROS |
||
| 945 |
_aacv _d2019-04-10 |
||